000
00302nam a22001337a 4500
003
SGT
020
_a
818204037-X
082
_a
910
_b
RAS
100
_a
RASTOGI, ANIL PRAMOD
245
_a
AIR TRAVEL TICKETING FARE CONSTRUCTION
260
_a
DELHI
_b
AMAN PUB.
_c
2016
300
_a
272
942
_2
ddc
_c
BK
999
_c
21077
_d
21077